=LDR 00000nam 2200000 4500 =001 INLIS000000000044752 =005 20131008110650 =008 ***********************************Ind** =035 ##$$0010-101300000002674 =041 ##$$a Ind =082 ##$$a 745.5 =090 ##$$a 745.5, Har u =100 ##$$a Harun, Badriyah =245 ##$$a Usaha dan Kreasi Unik Hantaran Pengantin, Badriyah Harun , Penyunting , Intan Puspita =260 ##$$a 2010 $b Yogyakarta =300 ##$$a 56 Hlm., 124 Cm =700 ##$$a Puspita, Intan =850 ##$$a NNT-CD